[Event "RSA-ch U12"]
[Site "Gauteng"]
[Date "2017.04.09"]
[Round "8"]
[White "Van Tonder, Roland"]
[Black "Van der Merwe, Alexander"]
[Result "0-1"]
[WhiteElo "1033"]
[BlackElo "1386"]
[PlyCount "54"]
[EventDate "2017.04.05"]
[EventType "swiss"]
[EventRounds "11"]
[EventCountry "RSA"]
[SourceTitle "CBM 177 Extra"]
[Source "ChessBase"]
[SourceDate "2017.04.27"]
[SourceVersion "1"]
[SourceVersionDate "2017.04.27"]
[SourceQuality "1"]

1. e4 c5 2. Nc3 d6 3. d3 Nc6 4. f4 g6 5. Nf3 Bg7 6. g3 e6 7. Bg2 Nge7 8. 0-0 0-0 9. Ne2 Rb8 10. c3 Re8 11. Be3 Qc7 12. Qd2 b6 13. Rad1 d5 14. e5 Bb7 15. g4 Rbd8 16. h3 c4 17. d4 b5 18. Qc2 a5 19. Kf2 b4 20. Rh1 Ra8 21. h4 a4 22. h5 a3 23. b3 cxb3 24. Qxb3 bxc3 25. Nxc3 Reb8 26. hxg6 hxg6 27. Qc2 Ba6 0-1

[Event "RSA-ch U12"]
[Site "Gauteng"]
[Date "2017.04.08"]
[Round "7"]
[White "Lubbe, David Stefanus"]
[Black "Van Tonder, Roland"]
[Result "1/2-1/2"]
[WhiteElo "1455"]
[BlackElo "1033"]
[PlyCount "43"]
[EventDate "2017.04.05"]
[EventType "swiss"]
[EventRounds "11"]
[EventCountry "RSA"]
[SourceTitle "CBM 177 Extra"]
[Source "ChessBase"]
[SourceDate "2017.04.27"]
[SourceVersion "1"]
[SourceVersionDate "2017.04.27"]
[SourceQuality "1"]

1. e4 e5 2. Nf3 Nc6 3. Bb5 Nf6 4. d3 Bd6 5. Nc3 0-0 6. Bg5 h6 7. Bh4 a6 8. Ba4 b5 9. Bb3 Be7 10. Bg3 d6 11. Nd5 Nxd5 12. Bxd5 Bb7 13. 0-0 Na5 14. Bxb7 Nxb7 15. Qe2 Nc5 16. c3 Ne6 17. d4 exd4 18. Nxd4 Nxd4 19. cxd4 Re8 20. Rad1 Bh4 21. Bxh4 Qxh4 22. f3 1/2-1/2

[Event "RSA-ch U12"]
[Site "Gauteng"]
[Date "2017.04.08"]
[Round "6"]
[White "Moagi, Ntuma"]
[Black "Van Tonder, Roland"]
[Result "0-1"]
[WhiteElo "1361"]
[BlackElo "1033"]
[PlyCount "36"]
[EventDate "2017.04.05"]
[EventType "swiss"]
[EventRounds "11"]
[EventCountry "RSA"]
[SourceTitle "CBM 177 Extra"]
[Source "ChessBase"]
[SourceDate "2017.04.27"]
[SourceVersion "1"]
[SourceVersionDate "2017.04.27"]
[SourceQuality "1"]

1. e4 e5 2. Nc3 Nf6 3. Bc4 Nxe4 4. Nxe4 d5 5. Bxd5 Qxd5 6. d3 f5 7. Qh5+ Kd8 8. Ng5 g6 9. Qf3 Qxf3 10. N5xf3 Bg7 11. Bg5+ Ke8 12. 0-0-0 Be6 13. Nd2 Nd7 14. Ngf3 a5 15. Kb1 Kf7 16. Rhe1 h6 17. Bh4 g5 18. Bxg5 hxg5 0-1